| 000 | 00642nam a2200181 a 4500 | ||
|---|---|---|---|
| 005 | 20210223121009.0 | ||
| 008 | 991125s1976 mx 000 0 spa u | ||
| 035 | _aUPN01000010493 | ||
| 049 | _aCG | ||
| 050 | 4 |
_aF1232 _bP7 v.8 |
|
| 245 | 0 | 4 |
_aLas comunicaciones / _c[coord. por] Secretaría de la Presidencia, Secretaría de Comunicaciones y Transportes. |
| 260 |
_aMéxico : _bSecretaría de la Presidencia, _c1976. |
||
| 300 | _a491 p. | ||
| 440 | 0 |
_aMéxico a través de los informes presidenciales ; _v8 |
|
| 650 | 4 |
_aCOMUNICACIONES Y TRANSITO - _zMEXICO _99917 |
|
| 650 | 4 |
_aINFORMES DE GOBIERNO - _zMEXICO - _y1824-1976 |
|
| 905 | _aLibro | ||
| 999 |
_c10493 _d10493 |
||